000 00799cab a2200253 4500
001 WB3243-48
008 090401t1996 xxu||||| |||| 00| 0 eng d
035 _a(Sirsi) u50421
041 _aeng
245 _aSurveyors
260 _c1996
350 _a0
490 _aEstates Gazette Case Summaries
_v1996 EGCS 169 (9/11/96)
520 _a"BFG Bank AG v Brown and Mumford Ltd" CA 30 October 1996. A valuation letter had negligently misrepresented the market value of the property. Defendants` appeal dismissed.
650 _aMARKET VALUE
650 _aMISREPRESENTATION
650 _aMISSTATEMENT
650 _aNEGLIGENCE
650 _aPLANNING PERMISSION
650 _aVALUERS
690 _aMANAGEMENT-BUSINESS MANAGEMENT-PROFESSIONAL PRACTICE
942 _n0
948 _c04/03/1997
999 _c31464
_d31464